COOL PHYSICS ACTIVITIES FOR GIRLS (Record no. 54976)

MARC details
000 -LEADER
fixed length control field 00245nam a2200097Ia 4500
020 ## - INTERNATIONAL STANDARD BOOK NUMBER
International Standard Book Number <a href="9781429676755"">9781429676755"</a>
008 - FIXED-LENGTH DATA ELEMENTS--GENERAL INFORMATION
fixed length control field 210805s9999 xx 000 0 und d
100 ## - MAIN ENTRY--PERSONAL NAME
Personal name SLADE SUZANNE
245 #0 - TITLE STATEMENT
Title COOL PHYSICS ACTIVITIES FOR GIRLS
942 ## - ADDED ENTRY ELEMENTS
item type Books

No items available.